000 00433nam a2200169Ia 4500
003 GCL
008 140319s9999 xx 000 0 eng d
040 _aGCL /
_cGCL
082 0 4 _a303.3
_bM L
100 1 _aMACAULAY, ROSE
245 1 0 _aLIFE AMONG THE ENGLISH /
_cMACAULAY, ROSE
260 _a[S.N] :
_bADPRINT LIMITED ،
_c1946
300 _a47P
650 0 4 _aSOCIAL LIFE - CUSTOMS
650 0 4 _aSOCIAL SCIENCE
942 _2ddc
_cBK
999 _c12285
_d12285